Estatísticas para Países que declararam que possuem armas nucleares

Clique aqui para jogar o quiz

Estatísticas Gerais

  • Esse quiz foi jogado 64 vezes
  • A pontuação média é 8 de 10

Respostas no mapa

Respostas codificadas por cores de uma escala verde-vermelha no mapa do quiz de acordo com a % correta abaixo.
 

Estatísticas das Respostas

Resposta% Correto
China
100%
Estados Unidos
100%
Rússia
100%
Coreia do Norte
96%
Índia
91%
França
89%
Inglaterra
86%
Israel
67%
Paquistão
60%
África do Sul
47%

Distribuição das Pontuações

Percentil de Números Respondidos

Porcentagem de Pessoas com Cada Pontuação

Sua Pontuação Histórica

Você não jogou esse quiz